00244nam a22000977a 4500008004100000082001100041100001600052245004400068260002600112300000800138230930b |||||||| |||| 00| 0 eng d a105.32 aM. Campbell aPage Makers to From A TO ZcM. Campbell bFire Wall Mediac2001 a202